[Event "Reg Gillman mem-B corr"]
[Site "England"]
[Date "1999.12.01"]
[Round "?"]
[White "Brooks, Ian S"]
[Black "Buraschi, Osvaldo"]
[Result "1/2-1/2"]
[WhiteElo "2477"]
[BlackElo "2502"]
[PlyCount "126"]
[EventDate "1999.12.01"]
[EventType "tourn (corr)"]
[EventRounds "13"]
[EventCountry "ENG"]
[EventCategory "10"]
[SourceTitle "Corr 2002"]
[Source "ChessBase"]
[SourceDate "2002.05.23"]
[SourceVersion "1"]
[SourceVersionDate "2002.05.23"]
[SourceQuality "1"]

1. c4 Nf6 2. Nc3 g6 3. g3 Bg7 4. Bg2 0-0 5. d3 d6 6. e4 c5 7. Nge2 Nc6 8. 0-0 Rb8 9. h3 a6 10. a4 Ne8 11. Be3 Nc7 12. d4 b6 13. Rb1 Bd7 14. b3 cxd4 15. Nxd4 Nxd4 16. Bxd4 Bxd4 17. Qxd4 b5 18. cxb5 axb5 19. Qe3 Re8 20. e5 Bf5 21. Rbd1 bxa4 22. bxa4 Rb3 23. Qd2 h5 24. Ne4 d5 25. Qh6 Bxe4 26. Bxe4 Rb6 27. a5 Re6 28. f4 Qa8 29. Bd3 Qxa5 30. f5 gxf5 31. Qxh5 Qb6+ 32. Kg2 Rg6 33. Rxf5 Ra8 34. Kh1 Rg7 35. Rg5 Rxg5 36. Qxg5+ Kf8 37. Rf1 Ke8 38. Qg8+ Kd7 39. Qxf7 Ra2 40. Bf5+ Ne6 41. Qg6 Re2 42. h4 Rxe5 43. h5 Qe3 44. h6 Rxf5 45. Rxf5 Qe4+ 46. Kh2 Nd4 47. h7 Nxf5 48. h8Q Qe2+ 49. Kh3 Qf1+ 50. Kg4 Qe2+ 51. Kxf5 Qc2+ 52. Kg5 Qd2+ 53. Kg4 Qe2+ 54. Kf4 Qf2+ 55. Ke5 Qb2+ 56. Kxd5 Qb5+ 57. Kd4 Qb4+ 58. Ke3 Qe1+ 59. Kf3 Qf1+ 60. Kg4 Qe2+ 61. Kg5 Qd2+ 62. Kh5 Qh2+ 63. Kg5 Qd2+ 1/2-1/2

[Event "Reg Gillman mem-B corr"]
[Site "England"]
[Date "1999.12.01"]
[Round "?"]
[White "Cranbourne, Carlos Leon"]
[Black "Buraschi, Osvaldo"]
[Result "0-1"]
[WhiteElo "2437"]
[BlackElo "2502"]
[PlyCount "104"]
[EventDate "1999.12.01"]
[EventType "tourn (corr)"]
[EventRounds "13"]
[EventCountry "ENG"]
[EventCategory "10"]
[SourceTitle "Corr 2002"]
[Source "ChessBase"]
[SourceDate "2002.05.23"]
[SourceVersion "1"]
[SourceVersionDate "2002.05.23"]
[SourceQuality "1"]

1. d4 Nf6 2. c4 g6 3. Nc3 Bg7 4. e4 d6 5. Be2 0-0 6. Bg5 Na6 7. Qd2 e5 8. d5 Qe8 9. Bd1 Bd7 10. h3 Nc5 11. Bc2 a5 12. g4 b5 13. cxb5 Bxb5 14. Nge2 Rb8 15. b3 Ba6 16. Rb1 Rb4 17. f3 Rd4 18. Qc1 Nd3+ 19. Bxd3 Rxd3 20. 0-0 c6 21. Rb2 cxd5 22. Bxf6 Bxf6 23. Nxd5 Rxd5 24. exd5 e4 25. Rc2 Bd3 26. Rd2 Qb5 27. Qd1 Qxd5 28. Nf4 Qd4+ 29. Kh1 Bg5 30. Re1 d5 31. Nxd3 Bxd2 32. Qxd2 Rc8 33. Qe3 Qxd3 34. Qxd3 exd3 35. Rd1 Rc3 36. Kg2 Rc2+ 37. Kf1 d2 38. a4 Rb2 39. Ke2 Rxb3 40. Rxd2 Rb4 41. Rxd5 Rxa4 42. Rd8+ Kg7 43. Ra8 Ra2+ 44. Ke3 g5 45. Ra6 f6 46. Ra7+ Kg6 47. Ra6 h6 48. Kd4 a4 49. Ke4 Ra1 50. Ke3 h5 51. Kf2 Ra2+ 52. Kg1 hxg4 0-1

[Event "Reg Gillman mem-B corr"]
[Site "England"]
[Date "1999.12.01"]
[Round "?"]
[White "Kazoks, Aivars E"]
[Black "Buraschi, Osvaldo"]
[Result "1-0"]
[WhiteElo "2460"]
[BlackElo "2502"]
[PlyCount "157"]
[EventDate "1999.12.01"]
[EventType "tourn (corr)"]
[EventRounds "13"]
[EventCountry "ENG"]
[EventCategory "10"]
[SourceTitle "Corr 2002"]
[Source "ChessBase"]
[SourceDate "2002.05.23"]
[SourceVersion "1"]
[SourceVersionDate "2002.05.23"]
[SourceQuality "1"]

1. e4 c5 2. Nf3 d6 3. d4 cxd4 4. Nxd4 Nf6 5. Nc3 g6 6. Be3 Bg7 7. f3 0-0 8. Qd2 Nc6 9. Bc4 Bd7 10. 0-0-0 Rc8 11. Bb3 Ne5 12. Kb1 Nc4 13. Bxc4 Rxc4 14. g4 Qc7 15. g5 Nh5 16. Nd5 Qd8 17. Ne2 Be6 18. Bxa7 Bxd5 19. Qxd5 Qc7 20. c3 Rc8 21. Qb5 Ra8 22. Bb6 Qc8 23. a3 Rca4 24. Rhf1 Qh3 25. Bg1 Qc8 26. Be3 R8a5 27. Qb3 Qc6 28. Nd4 Bxd4 29. Rxd4 Ng7 30. Rfd1 Ne6 31. Rxa4 Rxa4 32. h4 Ra5 33. c4 Ra4 34. Rc1 Ra8 35. Qb6 Qd7 36. Ka2 Rc8 37. Rc3 Rc6 38. Qb5 Qc8 39. Rb3 Rc7 40. Qd5 Rc6 41. Rb4 Nc7 42. Qd4 Na6 43. Ra4 Rc5 44. Bd2 Rc6 45. b3 e5 46. Qf2 b6 47. Qe3 Nc5 48. Rb4 Qh3 49. Rb5 Qg2 50. Kb1 Qf1+ 51. Kb2 Qg2 52. a4 Ne6 53. Rd5 Qh2 54. Qe1 Nf4 55. Ka3 Nxd5 56. exd5 Rc8 57. Be3 Qh3 58. Qf2 f6 59. gxf6 Rf8 60. Bd2 Rb8 61. Bb4 Qd7 62. f4 e4 63. Qd4 Re8 64. Qxb6 e3 65. Qxd6 Qxd6 66. Bxd6 Re4 67. Kb2 Kf7 68. a5 e2 69. Bb4 Rxf4 70. Be1 Rf1 71. Bc3 Rf2 72. Be1 Rf1 73. Bd2 Kxf6 74. a6 e1Q 75. Bxe1 Rxe1 76. b4 Re8 77. b5 Ra8 78. Kc3 Ke5 79. Kb4 1-0

[Event "Reg Gillman mem-B corr"]
[Site "England"]
[Date "1999.12.01"]
[Round "?"]
[White "Sande, Oystein"]
[Black "Buraschi, Osvaldo"]
[Result "1/2-1/2"]
[WhiteElo "2494"]
[BlackElo "2502"]
[PlyCount "46"]
[EventDate "1999.12.01"]
[EventType "tourn (corr)"]
[EventRounds "13"]
[EventCountry "ENG"]
[EventCategory "10"]
[SourceTitle "Corr 2002"]
[Source "ChessBase"]
[SourceDate "2002.05.23"]
[SourceVersion "1"]
[SourceVersionDate "2002.05.23"]
[SourceQuality "1"]

1. d4 Nf6 2. c4 g6 3. Nc3 Bg7 4. e4 d6 5. f3 0-0 6. Be3 e5 7. d5 Nh5 8. Qd2 f5 9. 0-0-0 Nd7 10. exf5 gxf5 11. Nh3 Nc5 12. Rg1 Bd7 13. Be2 a5 14. f4 Nxf4 15. Nxf4 exf4 16. Bxf4 a4 17. Bh6 Qf6 18. Bxg7 Qxg7 19. Qd4 Qe5 20. g3 Rae8 21. Bh5 Re7 22. Rg2 Rg7 23. Rf2 f4 1/2-1/2